Stratigraphic classification of the Pennsylvanian rocks of Kansas, (Record no. 27298)
[ view plain ]
| 000 -LEADER | |
|---|---|
| fixed length control field | 00952cam a22002651 4500 |
| 001 - CONTROL NUMBER | |
| control field | gs 36000307 |
| 003 - CONTROL NUMBER IDENTIFIER | |
| control field | DLC |
| 005 - DATE AND TIME OF LATEST TRANSACTION | |
| control field | 20260227111341.0 |
| 008 - FIXED-LENGTH DATA ELEMENTS--GENERAL INFORMATION | |
| fixed length control field | 770802s1936 ksua s001 0 eng c |
| 010 ## - LIBRARY OF CONGRESS CONTROL NUMBER | |
| LC control number | gs 36000307 |
| 035 ## - SYSTEM CONTROL NUMBER | |
| System control number | (OCoLC)3153539 |
| 040 ## - CATALOGING SOURCE | |
| Original cataloging agency | U.S. Geol. Survey. Libr. |
| Transcribing agency | LNU |
| Modifying agency | OCoLC |
| -- | DLC |
| 042 ## - AUTHENTICATION CODE | |
| Authentication code | premarc |
| 050 00 - LIBRARY OF CONGRESS CALL NUMBER | |
| Classification number | QE113 |
| Item number | .A2 no. 22 |
| 082 ## - DEWEY DECIMAL CLASSIFICATION NUMBER | |
| Classification number | 551.75 |
| 100 1# - MAIN ENTRY--PERSONAL NAME | |
| Personal name | Moore, Raymond C. |
| Fuller form of name | (Raymond Cecil), |
| Dates associated with a name | 1892-1974. |
| 245 10 - TITLE STATEMENT | |
| Title | Stratigraphic classification of the Pennsylvanian rocks of Kansas, |
| Statement of responsibility, etc. | by Raymond C. Moore ... |
| 260 ## - PUBLICATION, DISTRIBUTION, ETC. | |
| Place of publication, distribution, etc. | Lawrence, Kan., |
| Name of publisher, distributor, etc. | State geological survey, |
| Date of publication, distribution, etc. | 1936. |
| 300 ## - PHYSICAL DESCRIPTION | |
| Extent | 256 p. |
| Other physical details | diagrs. |
| Dimensions | 13 cm. |
| 490 0# - SERIES STATEMENT | |
| Series statement | Kansas. State geological survey. Bulletin 22 |
| 500 ## - GENERAL NOTE | |
| General note | On cover: Bulletin of the University of Kansas, vol. 36, no. 22, November 15, 1935. |
| 650 #0 - SUBJECT ADDED ENTRY--TOPICAL TERM | |
| Topical term or geographic name entry element | Geology |
| Geographic subdivision | Kansas. |
| 650 #0 - SUBJECT ADDED ENTRY--TOPICAL TERM | |
| Topical term or geographic name entry element | Geology, Stratigraphic |
| Chronological subdivision | Pennsylvanian. |
| 740 0# - ADDED ENTRY--UNCONTROLLED RELATED/ANALYTICAL TITLE | |
| Uncontrolled related/analytical title | Pennsylvanian rocks of Kansas. |
No items available.